UBT Library

THE SCIENCE DENTAL MATERIALS (Record no. 6183)

000 -LEADER
fixed length control field 00279nam a22001217a 4500
008 - FIXED-LENGTH DATA ELEMENTS--GENERAL INFORMATION
fixed length control field 170224b xxu||||| |||| 00| 0 eng d
041 ## - LANGUAGE CODE
Language code of text/sound track or separate title eng
080 ## - UNIVERSAL DECIMAL CLASSIFICATION NUMBER
Edition identifier 3 ED
Universal Decimal Classification number 616 31
100 ## - Rafti
Rafti 5
101 ## - Shkurtesa
Shkurtesa SHS
245 ## - TITLE STATEMENT
Title THE SCIENCE DENTAL MATERIALS
Statement of responsibility, etc SKINNNER .E W
942 ## - ADDED ENTRY ELEMENTS (KOHA)
Source of classification or shelving scheme
Item type Books

No items available.

UBT Library © 2015-2024. All rights reserved University Education for Business and Technology